Statistiques concernant Histoire commençant par la lettre M

Cliquez ici pour prendre le quiz!

Statistiques générales

  • Ce quiz a été pris 3,298 fois
    (2,288 depuis la dernière actualisation)
  • Le résultat moyen est 13 sur 20

Statistiques - réponses

Indice Réponse % Correct
Considéré comme le dernier prophète par les musulmansMahomet
97%
Il aurait composé ses premières oeuvres à six ansWolfgang Amadeus Mozart
95%
Après 27 années d'emprisonnement il devient le premier président noir de d'Afrique du SudNelson Mandela
93%
On lui doit le plafond de la chapelle SixtineMichelange
92%
Il est tombé en novembre 1989Mur de Berlin
90%
Civilisation précolombienne notamment connue pour la précision de son calendrierMaya
82%
Cette reine de France a été arrêtée à VarennesMarie-Antoinette d'Autriche
79%
Ancienne cité inca au Pérou, littéralement "vielle montagne" en quechuaMachu Picchu
77%
Ce dramaturge et comédien français du XVIIème siècle aurait, selon certains, eu Corneille pour "nègre"Molière
76%
Auteur du Manifeste du Parti communisteKarl Marx
75%
Ce peintre américain a mis au point un télégraphe et un alphabet bien utiles qui portent son nomSamuel Morse
72%
Entre le Tigre et l'Euphrate, berceau de la civilisationMésopotamie
67%
Point le plus oriental atteint par Napoléon lors de la Campagne de RussieMoscou
64%
Maison florentine ayant produit 4 papes et 2 reines de FranceMedicis
63%
Mouvement religieux fondé en 1830 par Joseph SmithMormon
54%
Première ville industrialisée du mondeManchester
53%
Nom donné aux populations arabes nord africaines qui conquirent l'Espagne au VIIIème siècleMaures
53%
Onzième président de la IIIème République françaiseAlexandre Millerand
17%
Ingénieur italien en contestation avec Tesla pour l'invention de la radioGuglielmo Marconi
15%
Empire musulman d'Inde de 1526 à 1857 dont la capitale était AgraMoghol
14%

Distribution des résultats

Percentile by Number Answered

% des personnes avec chaque résultat

Votre développement - résultats

Vous n’avez pas pris ce quiz depuis la dernière actualisation